000 00845nam a22002897a 4500
003 CHAP
005 20220329134112.0
008 971013s1955 r 00010 d
010 _a15400
011 _a16372
035 _a20451
040 _cCHAP
082 _a633.18
_bG75 1955
100 0 0 _aGrist, Donald Honey.
_950757
245 _aRice
250 _a2 ed.
260 _aLondon :
_bLongmans,
_c1955
300 _a33 p.
_b: ilus
590 _aBATCH-UPD
_b10
_c20130110
_lUCH01
_h1126
590 _aCONVERSION
_b10
_c20130109
_lUCH01
_h1310
650 1 4 _aArroz.
_97554
901 _aBK
942 _cLIBRO
949 _a633.18 G75 1955
_bBC
_cLIBRO
_d-47726
_eLIBRO
_h22300
_i20451
_si
949 _a633.18 G75 1955
_bBC
_cLIBRO
_d-47727
_eLIBRO
_fc.2
_h22301
_i20451
_si
949 _a633.18 G75 1955
_bBC
_cLIBRO
_d-47728
_eLIBRO
_fc.3
_h22302
_i20451
_si
999 _c15400
_d15400